000 01190naa a22003137a 4500
001 BR8700609
003 BR-BrBNA
005 20240918175752.0
007 ta
008 230509b bl.||||| |||| 00| 0 por d
040 _aBR-BrBNA
_bpor
_cBiblioteca Nacional de Agricultura
041 _a(Pt)
072 _aF01
_b2120
090 _aF01 BR8700609
100 1 _aPaulino, A.J.
100 1 _aMatiello, J.B.
100 1 _aPaulini, A.E.
111 1 _a10. Congresso Brasileiro de Pesquisas Cafeeiras
_cPocos de Caldas, MG (Brazil)
_d29 Aug 1983
245 1 _aQueda natural de frutos no periodo de colheita e pos colheita nos cultivares conillon de Coffea canephora e Catuai vermelho de Coffea arabica
260 3 _aRio de Janeiro, RJ (Brasil):
_c1983.
500 _aAnais do 10. Congresso Brasileiro de Pesquisas Cafeeiras Rio de Janeiro, RJ (Brasil): 1983. p. 120 (BR8700609-AM)F01
650 _aCAFE
650 _aQUEDA DOS FRUTOS
650 _aCOLHEITA
650 _aPOS-COLHEITA
773 0 _tAnais do 10. Congresso Brasileiro de Pesquisas Cafeeiras
_wF01 BR8700609
_gRio de Janeiro, RJ (Brasil), 1983. p. 120
909 _a202404
_bLucia
_c55
_dLucia Elande
942 _cAM
_2AGRIS
999 _c318051
_d318051